00413 2200157 4500001002100000005001500021035002000036245006500056100001000121250001100131300003000142260003300172082001300205084001900218020001800237INLIS00000000000037420260408080947 a0010-04260000021 aMisteri Sekolah Berhantu :bKecil-kecil punya karya /cSyifa0 aSyifa aCet. 2 a112hlm. :bilus ;c21 cm. aBandung :bDar! Mizan,c2016 a899.2213 a899.2213 SYI m a9786022428152